000 00344nam a22000977a 4500
008 220110b ||||| |||| 00| 0 eng d
100 _aPoser, Wolfgang
245 _aWie Gestalte ich meine Motivsammlung? (how to I arrange my topical exhibit?)
260 _aLeipzig, Germany
_bVerlag Enzyklopadie Leipzig
_c1959
650 _aGermany, topical collecting
999 _c3268
_d3268